Cuentos completos 2 : 1969-1982 /
Guardado en:
| Autor Principal: | |
|---|---|
| Formato: | Libro |
| Publicado: |
Madrid :
Alfaguara,
1994
|
| Series: | Colección Unesco de obras representativas. Serie Iberoamericana
|
| Materias: | |
| Etiquetas: |
Agregar Etiqueta
Sin Etiquetas, Sea el primero en etiquetar este registro!
|
| LEADER | 00786nam a22002295a 4500 | ||
|---|---|---|---|
| 001 | CEM.cems007574 | ||
| 005 | 20100913102917.0 | ||
| 008 | 130507s1994##################000#0#####d | ||
| 003 | CEMS | ||
| 020 | |a 8420481394 | ||
| 082 | 0 | 4 | |a A868.4 |
| 100 | 1 | |a Cortázar, Julio | |
| 245 | 1 | 0 | |a Cuentos completos 2 : |b 1969-1982 / |c Julio Cortázar |
| 260 | |a Madrid : |b Alfaguara, |c 1994 | ||
| 300 | |a 509 p. | ||
| 490 | 0 | |a Colección Unesco de obras representativas. Serie Iberoamericana | |
| 505 | 0 | |a Ultimo round -- Octaedro -- Alguien anda por ahí -- Un tal Lucas -- Queremos tanto a Glenda -- Deshoras | |
| 653 | |a Literatura | ||
| 653 | |a Literatura argentina-siglo 20 | ||
| 653 | |a Cuentos | ||
| 653 | |a Cuento argentino | ||
| 859 | |a CEMS |b BIB. CEMS - 11 de abril |h A868.4 |i C891-10 |p 17697.94 |t Ej.1 |v 2 |3 2 | ||
